Gamificación. Mecánicas de juegos en tu vida personal y profesional

Uloženo v:
Podrobná bibliografie
Hlavní autor: Ramírez Cogollor, José Luis (Autor)
Médium: Kniha
Jazyk:španělština
Vydáno: Cuernavaca, México Alfaomega 2014
Témata:
Tagy: Přidat tag
Žádné tagy, Buďte první, kdo vytvoří štítek k tomuto záznamu!

MARC

LEADER 00000cam a2200000 a 4500
001 UCC7475
003 CL-VaPUC
005 20230905074226.0
008 190329e20140000mx |||||||||||||||||spa|d
999 |c 374104  |d 374102 
020 |a 9786076221105 
040 |c Pontificia Universidad Católica de Valparaíso 
082 0 4 |a 658.404 RAM 2014  |2 21 
100 0 |a Ramírez Cogollor, José Luis  |e author  |9 602107 
245 1 0 |a Gamificación.  |b Mecánicas de juegos en tu vida personal y profesional 
260 |a Cuernavaca, México   |b Alfaomega  |c 2014 
300 |a 163 páginas  
583 |a last modification  |c 20190412 09:05:52  |k Rodrigo Vera 
650 0 |a Planificación estratégica   |9 259735 
650 0 |a Juegos   |9 243060 
650 0 |a Administración de empresas   |9 260833 
852 |a BIBCUR 
942 |c BK  |2 ddc 
945 |d 20190329 16:06:00  |a dcastane 
952 |0 0  |1 0  |3 erb  |4 0  |6 658_404000000000000_RAM_2014  |7 0  |8 A  |9 492479  |a BIBING  |b BIBING  |i 5540615  |o 658.404 RAM 2014  |p 5540615  |r 2025-01-20  |w 2019-11-24  |y BK  |z Catalogado en:20190329  |k CCI 
952 |0 0  |1 0  |3 erb  |4 0  |6 658_404000000000000_RAM_2014  |7 0  |8 A  |9 492480  |a BIBING  |b BIBING  |i 5540607  |o 658.404 RAM 2014  |p 5540607  |r 2025-01-20  |w 2019-11-24  |y BK  |z Catalogado en:20190329  |k CCI 
952 |0 0  |1 0  |3 erb  |4 0  |6 658_404000000000000_RAM_2014  |7 0  |8 A  |9 492481  |a BIBING  |b BIBING  |i 5540593  |o 658.404 RAM 2014  |p 5540593  |r 2025-01-20  |w 2019-11-24  |y BK  |z Catalogado en:20190329  |k CCI 
952 |0 0  |1 0  |3 erb  |4 0  |6 658_404000000000000_RAM_2014  |7 0  |8 A  |9 492482  |a BIBING  |b BIBING  |i 5542979  |o 658.404 RAM 2014  |p 5542979  |r 2025-01-20  |w 2019-11-24  |y BK  |z Catalogado en:20190412  |k CCI 
952 |0 0  |1 0  |3 erb  |4 0  |6 658_404000000000000_RAM_2014  |7 0  |8 A  |9 492483  |a BIBING  |b BIBING  |i 5542960  |o 658.404 RAM 2014  |p 5542960  |r 2025-01-20  |w 2019-11-24  |y BK  |z Catalogado en:20190412  |k CCI 
952 |0 0  |1 0  |2 ddc  |4 0  |6 658_404000000000000_RAM_2014  |7 0  |8 A  |9 577132  |a BIBING  |b BIBING  |d 2020-12-14  |e 82  |g 10776.00  |i 5579503  |o 658.404 RAM 2014  |p 5579503  |r 2025-01-20  |t 6  |v 10776.00  |w 2020-12-14  |y BK  |k CCI 
952 |0 0  |1 0  |2 ddc  |4 0  |6 658_404000000000000_RAM_2014  |7 0  |8 A  |9 577133  |a BIBING  |b BIBING  |d 2020-12-14  |e 82  |g 10776.00  |i 5579511  |o 658.404 RAM 2014  |p 5579511  |r 2025-01-20  |t 7  |v 10776.00  |w 2020-12-14  |y BK  |k CCI 
952 |0 0  |1 0  |2 ddc  |4 0  |6 658_404000000000000_RAM_2014  |7 0  |8 A  |9 577134  |a BIBING  |b BIBING  |d 2020-12-14  |e 82  |g 10776.00  |i 557952K  |o 658.404 RAM 2014  |p 557952K  |r 2025-01-20  |t 8  |v 10776.00  |w 2020-12-14  |y BK  |k CCI